000 00318 a2200109 4500
001 ART_11195
005 20260410161855.0
008 260409a
245 1 0 _aNecesidad moral de la libertad económica
100 1 _aRöpke, Wilhelm
773 0 _tRevista de Economía
_g- Nº 37 (jun. 1983)
_wREV11077
999 _c25380
_d25380